[Event "Paracin Amateur op"]
[Site "Paracin"]
[Date "2020.02.03"]
[Round "6"]
[White "Micic, Aleksa"]
[Black "Zivkovic, Vukoje"]
[Result "1-0"]
[WhiteElo "1942"]
[BlackElo "1720"]
[PlyCount "119"]
[EventDate "2020.01.31"]
[EventType "swiss"]
[EventRounds "9"]
[EventCountry "SRB"]
[SourceTitle "CBM 194 Extra"]
[Source "ChessBase"]
[SourceDate "2020.03.31"]
[SourceVersion "1"]
[SourceVersionDate "2020.03.31"]
[SourceQuality "1"]

1. e4 c6 2. d4 d5 3. e5 Bf5 4. h4 h5 5. Bg5 Qb6 6. Bd3 Bxd3 7. Qxd3 Qxb2 8. e6 Qxa1 9. Qb3 Qxd4 10. Be3 Qe4 11. Qxb7 Qxe6 12. Qxa8 Qd6 13. Bxa7 Qb4+ 14. Nd2 Kd7 15. Qxb8 Qxb8 16. Bxb8 e6 17. Ngf3 f6 18. Bg3 Nh6 19. 0-0 Nf5 20. Kh2 e5 21. Rb1 Kc7 22. c4 d4 23. Ne4 Nd6 24. Nxd6 Bxd6 25. Nd2 g5 26. Ne4 gxh4 27. Bxh4 f5 28. Nxd6 Kxd6 29. f4 Ra8 30. fxe5+ Kxe5 31. Re1+ Kf4 32. Re2 d3 33. Bg3+ Kg4 34. Rd2 Ra3 35. Bd6 Rc3 36. c5 f4 37. Rf2 Rc4 38. Rd2 Rc3 39. a4 f3 40. a5 h4 41. a6 Ra3 42. a7 Rxa7 43. gxf3+ Kxf3 44. Rxd3+ Ke4 45. Rh3 Rh7 46. Kg2 Rh5 47. Rb3 Rf5 48. Kh3 Rf1 49. Kxh4 Rc1 50. Kg5 Rf1 51. Rb4+ Kd5 52. Rf4 Re1 53. Kf6 Re6+ 54. Kf7 Re2 55. Rf5+ Kc4 56. Be7 Kb5 57. Ke8 Re6 58. Kd7 Rg6 59. Rf1 Kc4 60. Bd6 1-0

[Event "Paracin Winter op"]
[Site "Paracin"]
[Date "2019.01.31"]
[Round "1"]
[White "Djokic, Slavoljub"]
[Black "Zivkovic, Vukoje"]
[Result "1-0"]
[WhiteElo "2131"]
[BlackElo "1713"]
[PlyCount "69"]
[EventDate "2019.01.31"]
[EventType "swiss"]
[EventRounds "9"]
[EventCountry "SRB"]
[SourceTitle "CBM 188 Extra"]
[Source "ChessBase"]
[SourceDate "2019.02.26"]
[SourceVersion "1"]
[SourceVersionDate "2019.02.26"]
[SourceQuality "1"]

1. c4 g6 2. Nc3 Nf6 3. Nf3 Bg7 4. g3 0-0 5. Bg2 d6 6. 0-0 Bf5 7. d3 Nc6 8. e4 Bg4 9. h3 Bd7 10. Rb1 a5 11. a3 Ne8 12. d4 e5 13. d5 Ne7 14. b4 axb4 15. axb4 f5 16. c5 Nf6 17. exf5 Nxf5 18. Bg5 h6 19. Bxf6 Qxf6 20. Ne4 Qf7 21. g4 dxc5 22. gxf5 gxf5 23. Nxc5 Bb5 24. Re1 e4 25. Nd4 Bxd4 26. Qxd4 Kh7 27. Re3 Rg8 28. Rg3 Rxg3 29. fxg3 Qg6 30. Qe5 Rg8 31. Kh2 h5 32. Qxc7+ Rg7 33. Qf4 b6 34. Ne6 Rf7 35. Ng5+ 1-0

[Event "Paracin Winter op"]
[Site "Paracin"]
[Date "2018.02.03"]
[Round "6"]
[White "Zivkovic, Vukoje"]
[Black "Kandjolas, Konstantin"]
[Result "0-1"]
[WhiteElo "1657"]
[BlackElo "1816"]
[PlyCount "88"]
[EventDate "2018.01.30"]
[EventType "swiss"]
[EventRounds "9"]
[EventCountry "SRB"]
[SourceTitle "CBM 182 Extra"]
[Source "ChessBase"]
[SourceDate "2018.02.23"]
[SourceVersion "1"]
[SourceVersionDate "2018.02.23"]
[SourceQuality "1"]

1. e4 c5 2. Nf3 e6 3. g3 d6 4. Bg2 Nf6 5. d3 Nc6 6. Nc3 Be7 7. 0-0 0-0 8. h3 a6 9. a4 Qc7 10. Be3 Rb8 11. Nh2 Bd7 12. f4 b5 13. b3 Nb4 14. axb5 axb5 15. Na2 Nxa2 16. Rxa2 d5 17. e5 Ne8 18. Qa1 Bc6 19. Nf3 Qc8 20. Ra7 Rb7 21. Ra8 Rb8 22. Rxb8 Qxb8 23. Qb2 Qb7 24. d4 c4 25. Nd2 b4 26. bxc4 dxc4 27. Bxc6 Qxc6 28. c3 b3 29. Ra1 Nc7 30. Kf2 Ra8 31. Rxa8+ Nxa8 32. Kg1 Nb6 33. d5 Nxd5 34. Bd4 Bc5 35. Nf3 Bxd4+ 36. Nxd4 Qa4 37. Nc2 Qa7+ 38. Nd4 Qa2 39. Qxa2 bxa2 40. Nc2 Nxc3 41. Kf2 Ne4+ 42. Ke3 Nxg3 43. Kd4 Ne2+ 44. Kxc4 Nxf4 0-1